Rituum, Qui Olim Apud Romanos Obtinuerunt Succincta Exsplicatio; Ad Intelligentiam Veterum Auctorum Facile Methodo

Bibliographic Details
Main Author: Nieupoort, Gulielmus Henricus, 1674-1730 (Author)
Corporate Author: Akademická tlačiareň (Trnava, Slovensko) (Printer)
Format: Book
Language:Latin
PhysicalDescription:[4], 552, [39] s. 1 tabuľka 17 cm
Published: Tyrnaviae Typis Collegii Academici Soc. Jesu Anno MDCCLXV. [=1765]
Subjects:

MARC

LEADER 00000cam a2200000 a 4500
001 vtls001447914
003 SK-MaSNL
005 20260302035846.0
008 180810s1765 xo 0 lat
015 |a SNBHFA 
035 |a SNK000403177 
040 |a SNK  |b slo  |c SNK  |e AACR2 
041 0 |a lat 
044 |a xo  |c SK 
072 7 |a 93/94  |x Dejiny (všeobecne)  |2 konspekt 
080 |a 93/94  |2 2011 
080 |a (37)  |2 2011 
100 1 |a Nieupoort, Gulielmus Henricus,  |d 1674-1730  |4 aut  |9 300061 
245 1 0 |a Rituum, Qui Olim Apud Romanos Obtinuerunt  |b Succincta Exsplicatio; Ad Intelligentiam Veterum Auctorum Facile Methodo  |c A G.H. Niepoort Conscripta 
260 |a Tyrnaviae  |b Typis Collegii Academici Soc. Jesu  |c Anno MDCCLXV. [=1765] 
300 |a [4], 552, [39] s.  |b 1 tabuľka  |c 17 cm 
500 |a Titulná strana s vinetou. Vineta. Ozdobné linky. Ozdobná iniciála. Typografické ozdoby. Zložky. Kustody 
504 |a Prednázov. Živé záhlavie. Register. Tabuľka rozdelenia kást 
561 |a Rkp.: Ignatii Mariassy  |5 SNK SD 12897 
650 0 7 |a dejiny  |2 SNKPH  |9 3825 
650 0 7 |a starovek  |2 SNKPH  |9 4258 
651 7 |a Rímska ríša  |2 SNKPHgeo  |9 212347 
700 1 |a Mariáši, Ignác  |4 sgn  |9 689402 
710 2 |a Akademická tlačiareň (Trnava, Slovensko)  |4 prt  |9 232890 
752 |a Slovensko  |d Trnava 
852 |a snk  |p SD 12897 
958 |a ONDV 
958 |a DD 
999 |c 1072321  |d 1074251 
952 |a SNK  |b SNK  |y PREZ  |7 0  |p 17A0955534  |o snkSD 12897  |i snkKSK 603/57  |8 3  |3 rekatalogizácia  |0 0  |1 0  |4 0  |d 2003-01-16  |l 0  |r 2025-11-26 00:00:00  |w 2026-02-24 
952 |a SNK  |b SNK  |y PREZ  |7 0  |p 17A1484178  |o snkSD 12897 D1  |i snkKSK 1042/58  |8 3  |0 0  |1 0  |4 0  |d 2022-02-24  |l 0  |r 2026-02-24 15:58:55  |w 2026-02-24 
952 |a SNK  |b SNK  |y PREZ  |7 0  |p 17A1484179  |o snkSD 12897 D2  |i snkKSF 1709/59  |8 5  |0 0  |1 0  |4 0  |d 2022-02-24  |l 0  |r 2026-02-24 15:58:55  |w 2026-02-24 
952 |a SNK  |b SNK  |y PREZ  |7 0  |p 17A1484180  |o snkSD 12897 D3  |i snkK 2575/72  |8 3  |0 0  |1 0  |4 0  |d 2022-02-24  |l 0  |r 2026-02-24 15:58:55  |w 2026-02-24 
952 |a SNK  |b SNK  |y PREZ  |7 0  |p 17A1484181  |o snkSD 12897 D4  |i snkK 3126/61  |8 3  |0 0  |1 0  |4 0  |d 2022-02-24  |l 0  |r 2026-02-24 15:58:55  |w 2026-02-24 
952 |a SNK  |b SNK  |y PREZ  |7 0  |p 17A1484182  |o snkSD 12897 D5  |i snkK 3092/66  |8 3  |0 0  |1 0  |4 0  |d 2022-02-24  |l 0  |r 2026-02-24 15:58:55  |w 2026-02-24